Congreso de Verona ; Guerra de España ; Negociaciones : (Record n. 9075)
[ formato base ]
| 000 -LEADER | |
|---|---|
| fixed length control field | 01014nam a2200265 i 4500 |
| 003 - CONTROL NUMBER IDENTIFIER | |
| control field | IT-RoINE |
| 005 - DATE AND TIME OF LATEST TRANSACTION | |
| control field | 20150429071941.0 |
| 008 - FIXED-LENGTH DATA ELEMENTS--GENERAL INFORMATION | |
| fixed length control field | 120314s2011 sp r 000 0 spa d |
| 020 ## - INTERNATIONAL STANDARD BOOK NUMBER | |
| International Standard Book Number | 9788477742586 |
| 040 ## - CATALOGING SOURCE | |
| Original cataloging agency | ES-MaCSI |
| Transcribing agency | IT-RoINE |
| Modifying agency | IT-RoINE |
| 100 1# - MAIN ENTRY--PERSONAL NAME | |
| Personal name | Chateaubriand, François-René, |
| Titles and other words associated with a name | vicomte de, |
| Dates associated with a name | 1768-1848 |
| 9 (RLIN) | 16135 |
| 245 10 - TITLE STATEMENT | |
| Title | Congreso de Verona ; Guerra de España ; Negociaciones : |
| Remainder of title | colonias españolas / |
| Statement of responsibility, etc | François Renè de Chateaubriand ; traducción de Cristina Ridruejo Ramos. |
| 260 ## - PUBLICATION, DISTRIBUTION, ETC. (IMPRINT) | |
| Place of publication, distribution, etc | Madrid : |
| Name of publisher, distributor, etc | Machado Libros, |
| Date of publication, distribution, etc | 2011. |
| 300 ## - PHYSICAL DESCRIPTION | |
| Extent | 492 p. ; |
| Dimensions | 24 cm. |
| 336 ## - CONTENT TYPE | |
| Source | rdacontent |
| Content type term | text |
| 337 ## - MEDIA TYPE | |
| Source | rdamedia |
| Media type term | unmediated |
| 338 ## - CARRIER TYPE | |
| Source | rdacarrier |
| Carrier type term | volume |
| 490 1# - SERIES STATEMENT | |
| Series statement | Papeles del tiempo ; |
| Volume number/sequential designation | 22 |
| 651 #4 - SUBJECT ADDED ENTRY--GEOGRAPHIC NAME | |
| Geographic name | España |
| General subdivision | Historia |
| Chronological subdivision | 1814-1833 (Fernando VII) |
| 9 (RLIN) | 5852 |
| 651 #4 - SUBJECT ADDED ENTRY--GEOGRAPHIC NAME | |
| Geographic name | España |
| General subdivision | Colonias |
| -- | Historia |
| 9 (RLIN) | 12641 |
| 651 #4 - SUBJECT ADDED ENTRY--GEOGRAPHIC NAME | |
| Geographic name | España |
| General subdivision | Historia |
| Chronological subdivision | 1820-1823 (Trienio constitucional) |
| 9 (RLIN) | 16057 |
| 700 1# - ADDED ENTRY--PERSONAL NAME | |
| Personal name | Ridruejo Ramos, Cristina |
| 9 (RLIN) | 18778 |
| 830 #0 - SERIES ADDED ENTRY--UNIFORM TITLE | |
| Uniform title | Papeles del tiempo |
| 9 (RLIN) | 18273 |
| 942 ## - ADDED ENTRY ELEMENTS (KOHA) | |
| Item type | Monografías |
| Withdrawn status | Lost status | Damaged status | Not for loan | Home library | Current library | Date acquired | Total Checkouts | Full call number | Barcode | Date last seen | Price effective from | Koha item type |
|---|---|---|---|---|---|---|---|---|---|---|---|---|
| Iglesia Nacional Española en Roma | Iglesia Nacional Española en Roma | 29/04/2015 | HIS.ESP.4. 921 | 12767 | 29/04/2015 | 29/04/2015 | Monografías |